Vasthunishta hindi prathiyogitha: (Record no. 58794)

000 -LEADER
fixed length control field 00387nam a22001457a 4500
020 ## - INTERNATIONAL STANDARD BOOK NUMBER
ISBN 9788192451824
082 ## - DEWEY DECIMAL CLASSIFICATION NUMBER
Classification number H 891.43
Item number SHA/V
100 ## - MAIN ENTRY--AUTHOR NAME
Personal name Shanker A Rathod
245 ## - TITLE STATEMENT
Title Vasthunishta hindi prathiyogitha:
Sub Title UGC NET/SET/
Statement of responsibility, etc by Shanker A Rathod
260 ## - PUBLICATION, DISTRIBUTION, ETC. (IMPRINT)
Place of publication Kanpur:
Name of publisher Nisha Publication,
Year of publication 2013.
300 ## - PHYSICAL DESCRIPTION
Number of Pages 432p.
650 ## - SUBJECT ADDED ENTRY--TOPICAL TERM
Topical Term Literature Hindi
650 ## - SUBJECT ADDED ENTRY--TOPICAL TERM
Topical Term Literature
942 ## - ADDED ENTRY ELEMENTS (KOHA)
Koha item type Book
Holdings
Withdrawn status Lost status Damaged status Not for loan Permanent Location Current Location Shelving location Date acquired Cost, normal purchase price Full call number Accession Number Price effective from Koha item type
        Sree Sankaracharya University of Sanskrit Sree Sankaracharya University of Sanskrit Stacks 15.02.2016 975.00 H 891.43 SHA/V 080701 15.02.2016 Book